000 00640nam a2200205Ia 4500
008 241004s9999 xx 000 0 und d
020 _a9781350189133
037 _aTextbook
040 _aARTS
_beng
_cARTS
041 _aeng
_2eng
084 _aQ4:31 R2
_qARTS
100 _aMcNabb Tyler Dalton Au.; Baldwin Erik Au.
_9724649
245 _aClassical theism and buddhism: connecting metaphysical and ethical systems
_cMcNabb Tyler Dalton Au.; Baldwin Erik Au.
260 _aUK
_b Bloomsbury
_c2022
300 _a161p.
365 _aUKP
_b85
650 _aBuddhism
942 _cTB
_hQ4:31 R2
999 _c1218795
_d1218795